Trouve les chansons Disney - Statistiques

Statistiques générales
  • Ce quiz a été pris 627 fois
    614 depuis la dernière actualisation
  • Le résultat moyen est 54 sur 232
Statistiques - réponses
Année de sortie Chanson % Correct
Je Voudrais (La Belle au Bois Dormant)
77%
Libérée, Délivrée (La Reine des Neiges)
73%
Ce Rêve Bleu (Aladdin)
71%
Hakuna Matata (Le Roi Lion)
70%
Comme un Homme (Mulan)
66%
Je Voudrais Déjà Être Roi (Le Roi Lion)
66%
Sous l'Océan (La Petite Sirène)
66%
L'Amour Brille Sous les Etoiles (Le Roi Lion)
65%
1994 L'Histoire de la Vie (Le Roi Lion)
64%
L'Air du Vent (Pocahontas)
62%
Partir Là-Bas (La Petite Sirène)
62%
Heigh-Ho ! (Blanche-Neige et les Sept Nains)
59%
Le Bleu Lumière (Vaiana, La Légende du Bout du Monde)
59%
Prince Ali (Aladdin)
59%
J'ai un Rêve (Raiponce)
58%
Sifflez en Travaillant (Blanche-Neige et les Sept Nains)
57%
Histoire Eternelle (La Belle et la Bête)
56%
1991 Belle (La Belle et la Bête)
55%
Le Renouveau (La Reine des Neiges)
55%
1967 Il en Faut Peu pour Être Heureux (Le Livre de la Jungle)
53%
Je Suis Ton Meilleur Ami (Aladdin)
53%
Je Voudrais un Bonhomme de Neige (La Reine des Neiges)
52%
2010 Où Est la Vraie Vie ? (Raiponce)
52%
Réflexion (Mulan)
52%
1995 Je Suis Ton Ami (Toy Story)
51%
C'est la Fête (La Belle et la Bête)
48%
Tu T'Envoles (Peter Pan)
48%
Soyez Prêtes (Le Roi Lion)
47%
Gaston (La Belle et la Bête)
46%
La Chanson de la Pluie (Bambi)
46%
En Chemin / Je m'en vais (Frère des Ours)
44%
L'Amour Est un Cadeau (La Reine des Neiges)
44%
A la File Indienne (Peter Pan)
43%
Je Veux Savoir (Tarzan)
43%
Tout le Monde Veut Devenir un Cat (Les Aristochats)
43%
C'est Pas Une Vie (Cendrillon)
42%
De Zéros en Héros (Hercule)
42%
En Eté (La Reine des Neiges)
42%
Je Veux y Croire (Raiponce)
42%
Pour les Hommes (Vaiana, La Légende du Bout du Monde)
42%
Au Détour de la Rivière (Pocahontas)
41%
Jamais Je N'avouerai / Sentimentale (Hercule)
41%
N'écoute Que Moi (Raiponce)
41%
Au Bout du Rêve (La Princesse et la Grenouille)
40%
Embrasse-la (La Petite Sirène)
40%
Tendre Rêve (Cendrillon)
39%
Des Sauvages (Pocahontas)
38%
Chanson du Non-Anniversaire (Alice au Pays des Merveilles)
37%
Des Gammes et des Arpèges (Les Aristochats)
37%
J'en ai Rêvé (La Belle au Bois Dormant)
37%
Mon Tout Petit (Dumbo)
37%
1992 Nuits d'Arabie (Aladdin)
37%
1940 Quand On Prie la Bonne Etoile (Pinocchio)
37%
Enfant de l'Homme (Tarzan)
36%
Je Vole (Aladdin)
36%
Être un Homme Comme Vous (Le Livre de la Jungle)
34%
1998 Honneur à Tous (Mulan)
34%
Je Ne Savais Pas (La Belle et la Bête)
34%
1955 Belle Nuit / Bella Notte (La Belle et le Clochard)
33%
Je Te Cherche (La Reine des Neiges 2)
31%
Une Belle Fille à Aimer (Mulan)
31%
Bling-Bling (Vaiana, La Légende du Bout du Monde)
30%
1999 Entre Deux Mondes (Tarzan)
30%
Pauvres Âmes Infortunées (La Petite Sirène)
30%
Bibbidi-Bobbidi-Boo (Cendrillon)
29%
Bonjour l'Amour (Cendrillon)
29%
Chanson des Siamois (La Belle et le Clochard)
29%
Thomas O'Malley (Les Aristochats)
29%
Tuons la Bête (La Belle et la Bête)
29%
2013 Le Coeur de Glace (La Reine des Neiges)
28%
2012 Vers le Ciel (Rebelle)
28%
Dans un Autre Monde (La Reine des Neiges 2)
27%
Rien qu'un Jour (Le Bossu de Notre-Dame)
27%
Ma Belle Evangeline (La Princesse et la Grenouille)
26%
2016 Notre Terre (Vaiana, La Légende du Bout du Monde)
26%
1937 Je Souhaite / Un Chant (Blanche-Neige et les Sept Nains)
25%
1997 Le Gospel Pur (Hercule)
25%
Le Monde Qui Est le Mien (Hercule)
25%
L'Or de Virginie (Pocahontas)
25%
Aie Confiance (Le Livre de la Jungle)
24%
A Travers le Bayou (La Princesse et la Grenouille)
24%
1961 Cruella d'Enfer (Les 101 Dalmatiens)
24%
Je Chante Pour Toi (Bambi)
24%
1996 Les Cloches de Notre-Dame (Le Bossu de Notre-Dame)
24%
SOS Société (Les Aventures de Bernard et Bianca)
24%
Humains pour la Vie (La Princesse et la Grenouille)
23%
L'Explorateur (Vaiana, La Légende du Bout du Monde)
23%
2017 Ne M'oublie Pas (Coco)
23%
Peignons les Roses en Rouge (Alice au Pays des Merveilles)
23%
2002 Un Homme Libre (La Planète au Trésor)
23%
Un Poco Loco (Coco)
23%
Les Bannis ont Droit d'Amour (Le Bossu de Notre-Dame)
22%
Mes Amis de l'Au-Delà (La Princesse et la Grenouille)
22%
Une Douce Lueur / Infernal (Le Bossu de Notre-Dame)
22%
Bienvenue (Frère des Ours)
21%
Ecoute ton Coeur (Pocahontas)
21%
Higitus Figitus (Merlin l'Enchanteur)
21%
Je Suis Vaiana / Le Chant des Ancêtres (Vaiana, La Légende du Bout du Monde)
21%
La Chanson du Printemps (Bambi)
21%
Quand je vois voler un Elephant (Dumbo)
21%
1950 Cendrillon (Cendrillon)
20%
Charivari (Le Bossu de Notre-Dame)
20%
J'ai Perdu le Nord (La Reine des Neiges 2)
20%
Je Suis en Retard (Alice au Pays des Merveilles)
20%
L'Incantation de la Guérison (Raiponce)
20%
Toujours Dans Mon Coeur (Tarzan)
20%
Une Maman d'Amour (Peter Pan)
20%
Filles du Roi Triton (La Petite Sirène)
19%
La Marche des Elephants (Dumbo)
19%
2009 La Nouvelle Orléans (La Princesse et la Grenouille)
19%
Sifflez Vite Vite (Pinocchio)
19%
Une Etoile Est Née (Hercule)
19%
Humain à Nouveau (La Belle et la Bête)
18%
Le Rapport du Matin (Le Roi Lion)
18%
1973 Quel Beau Jour Vraiment (Robin des Bois)
18%
Un Sourire en Chantant (Blanche-Neige et les Sept Nains)
18%
Chante doux Rossignol (Cendrillon)
17%
La Patrouille des Eléphants (Le Livre de la Jungle)
17%
La Tyrolienne des Nains (Blanche-Neige et les Sept Nains)
17%
La Vie d'un Pirate (Peter Pan)
17%
2007 Le Festin (Ratatouille)
17%
Les Poissons (La Petite Sirène)
17%
Le Train du Bonheur (Dumbo)
17%
1981 Deux Bons Copains (Rox et Rouky)
16%
Mon Frère Ours (Frère des Ours)
16%
Au Son Calme des Tam-Tams (Pocahontas)
15%
Corazon (Coco)
15%
Creuse Encore et Encore (La Princesse et la Grenouille)
15%
Il Se Traîne (La Belle et le Clochard)
15%
La Cour des Miracles (Le Bossu de Notre-Dame)
15%
1942 L'Amour est Eternel (Bambi)
15%
1970 Les Aristocats (Les Aristochats)
15%
Les Pantins de Bois (Pinocchio)
15%
Mais Pourquoi M'en faire ? (Oliver et Compagnie)
15%
Point d'Avenir Sans Nous (La Reine des Neiges 2)
15%
Pourquoi Sa Peau Est Rouge ? (Peter Pan)
15%
Tout Réparer (La Reine des Neiges 2)
15%
Un Gars Comme Toi (Le Bossu de Notre-Dame)
15%
Un Matin de Mai Fleuri (Alice au Pays des Merveilles)
15%
1959 Douce Aurore (La Belle au Bois Dormant)
14%
Il Me Reste un Espoir (Hercule)
14%
2019 La Berceuse d'Ahtohallan (La Reine des Neiges 2)
14%
La Larme d'Or (Raiponce)
14%
Le Chant du Renne (La Reine des Neiges)
14%
Le Roi des Voleurs (Peter Pan)
14%
On Se Lave (Blanche-Neige et les Sept Nains)
14%
2000 Un Monde Parfait (Kuzco, l'Empereur mégalo)
14%
1995 Virginia Compagnie (Pocahontas)
14%
A Nottingham (Robin des Bois)
13%
Il Faut Savoir Briser Ses Liens (Pinocchio)
13%
1953 La Deuxième Petite Etoile (Peter Pan)
13%
Le Roi de Mauvais Aloi (Robin des Bois)
13%
1951 Pays du Merveilleux (Alice au Pays des Merveilles)
13%
Quand Elle M'Aimait (Toy Story 2)
13%
2008 Un Chat un Chien et un Rongeur (Volt, Star Malgré Lui)
13%
1941 Voici le Messager (Dumbo)
13%
Dans le Monde de Mes Rêves (Alice au Pays des Merveilles)
12%
La La Lou (La Belle et le Clochard)
12%
Les Dons des Fées (La Belle au Bois Dormant)
12%
2003 Les Grands Esprits (Frère des Ours)
12%
Ma Maison sous le Chaume (Le Livre de la Jungle)
12%
Quand Je Serai Plus Grand (La Reine des Neiges 2)
12%
Regarde dans mes Yeux (Frère des Ours)
12%
1989 Dans les Profondeurs de l'Océan (La Petite Sirène)
11%
Hi-Diddle Di Di (Pinocchio)
11%
Hier, Deux Enfants (Robin des Bois)
11%
La Maison du Rêve (Les 101 Dalmatiens)
11%
La Perfection C'est Moi (Oliver et Compagnie)
11%
Qui Ose Peindre Mes Roses En Rouge ? (Alice au Pays des Merveilles)
11%
Bonne Compagnie (Oliver et Compagnie)
10%
C'est Ce Qui Fait Que Tout Tourne Rond (Merlin l'Enchanteur)
10%
Demain C'est un Autre Jour (Les Aventures de Bernard et Bianca)
10%
Jamais Plus Je Ne Volerai (Toy Story)
10%
2004 La Ferme se Rebelle (La Ferme se Rebelle)
10%
1986 Le Grand Génie du Mal (Basil détective Privé)
10%
Le Morse et le Charpentier (Alice au Pays des Merveilles)
10%
Le Secret de la Séduction (Rox et Rouky)
10%
1977 L'Univers de Jean-Christophe (Les Aventures de Winnie L'Ourson)
10%
2011 L'Univers de Jean-Christophe (Winnie l'Ourson)
10%
Pourquoi Faut-il se Quitter ? (Rox et Rouky)
10%
Qu'est ce qu'un Bébé ? (La Belle et le Clochard)
10%
2001 Si Je Ne T'Avais Pas (Monstres & Cie)
10%
Soleil Brûlant (Rebelle)
10%
Des Rues en Or (Oliver et Compagnie)
9%
Kanine Krunchies (Les 101 Dalmatiens)
9%
Laissez-Moi Vous Gâter (Basil détective Privé)
9%
La Matelote du Marin / La Course Saugrenue (Alice au Pays des Merveilles)
9%
1977 Le Voyage (Les Aventures de Bernard et Bianca)
9%
L'Histoire du Père François (Alice au Pays des Merveilles)
9%
On Va Griller le Monstre (Alice au Pays des Merveilles)
9%
Pour Notre Roi (Merlin l'Enchanteur)
9%
Quelqu'un Viendra (Les Aventures de Bernard et Bianca)
9%
Trinquons à ce Soir (La Belle au Bois Dormant)
9%
Votre Santé est Bonne (Alice au Pays des Merveilles)
9%
Bye Bye Déjà (Basil détective Privé)
8%
Etrange Bazar (Toy Story)
8%
Faute d'Education (Rox et Rouky)
8%
Le Monde Es Mi Familia (Coco)
8%
1963 L'Epée dans l'Enclume (Merlin l'Enchanteur)
8%
Tes Vrais Amis (Le Livre de la Jungle)
8%
Un Petit Coin de Paradis au Far West (La Ferme se Rebelle)
8%
2005 Un Seul Faux Pas (Chicken Little)
8%
Ces Petits Bonheurs (Bienvenue chez les Robinson)
7%
C'est Merveilleux D'être Un Tigre (Les Aventures de Winnie L'Ourson)
7%
Chasseur Avant Tout (Rox et Rouky)
7%
La Chose la Plus Compliquée (Merlin l'Enchanteur)
7%
La Llorona
7%
2007 L'Ami Qui Me Croira (Bienvenue chez les Robinson)
7%
Le Retour du Soleil d'Antan (La Ferme se Rebelle)
7%
Mains en l'Air (Les Aventures de Winnie L'Ourson)
7%
Trois Pas Par Ci, Deux Par Là (La Belle et le Clochard)
7%
Chanson du P'tit Bidon (Winnie l'Ourson)
6%
Hip Hip Ourson (Les Aventures de Winnie L'Ourson)
6%
1988 Il Etait une Fois New York (Oliver et Compagnie)
6%
Je Sais Ce Que Je Dois Faire (Alice au Pays des Merveilles)
6%
Ma Madam' Mim (Merlin l'Enchanteur)
6%
Paix sur la Terre (La Belle et le Clochard)
6%
Pour l'Eternité (Chicken Little)
6%
Tout le Monde Connaît Juanita (Coco)
6%
Un Petit Nuage Noir (Les Aventures de Winnie L'Ourson)
6%
2000 Western Woody (Toy Story 2)
6%
Yodle-Adle-Eedle-Idle-Oo (La Ferme se Rebelle)
6%
Ce Sera Génial (Winnie l'Ourson)
5%
J'ai le Ventre qui Gargouille (Les Aventures de Winnie L'Ourson)
5%
La Chanson du Gagnant (Winnie l'Ourson)
5%
La Chanson du Poil Long (Winnie l'Ourson)
5%
Les Ephélants et les Nouifs (Les Aventures de Winnie L'Ourson)
5%
Si je ne T'avais Pas Connue (Pocahontas)
5%
Tout ce Miel Quel Trésor (Winnie l'Ourson)
5%
La Chanson de Mor'du (Rebelle)
4%
La Pluie, Pluie, Pluie Tombe (Les Aventures de Winnie L'Ourson)
4%
Une Mission Importante (Winnie l'Ourson)
4%
Aucun quiz correspondant
Distribution des résultats
% des personnes avec chaque résultat
Percentile par nombre de réponses
Votre historique - résultats
Vous n’avez pas pris ce quiz depuis la dernière actualisation